Príspevky do recyklačného fondu SR - druh daňových výdavkov FO a PO

Ekonomické opatrenia a nástroje, ktoré môžu výrazne napomôcť k odstráneniu environmentálnej zaťaženosti a k eliminácii zdrojov znečisťovania životného prostredia. Príspevky do recyklačného fondu SR. Daňové hľadisko, ktoré ovplyvňuje daň z príjmu PO a FO v rámci SR. Požiadavky systému environmentáln...

Descrizione completa

Salvato in:
Dettagli Bibliografici
Autore principale: Piteková, Erika
Natura: Capitolo di libro
Lingua:slovacco
Soggetti:
Tags: Aggiungi Tag
Nessun Tag, puoi essere il primo ad aggiungerne!!

MARC

LEADER 00000nla$a2200000$$$4500
001 0142752
005 20221103134209.6
041 0 |a slo 
044 |a SK 
245 1 0 |a Príspevky do recyklačného fondu SR - druh daňových výdavkov FO a PO  |c Erika Piteková 
520 |a Ekonomické opatrenia a nástroje, ktoré môžu výrazne napomôcť k odstráneniu environmentálnej zaťaženosti a k eliminácii zdrojov znečisťovania životného prostredia. Príspevky do recyklačného fondu SR. Daňové hľadisko, ktoré ovplyvňuje daň z príjmu PO a FO v rámci SR. Požiadavky systému environmentálneho práva Európskej únie. 
610 2 0 |a hospodárstvo odpadové 
610 2 0 |a spracovanie odpadu 
610 2 0 |a suroviny druhotné 
610 2 0 |a recyklácia odpadu 
610 2 0 |a poplatky 
610 2 0 |a dane ekologické 
610 2 0 |a ekonomika environmentálna 
610 2 0 |a ochrana prostredia životného 
100 1 |a Piteková, Erika